书目信息 |
| 题名: |
中国古典诗词精品赏读
|
|
| 作者: | 陈才智 编著 | |
| 分册: | 杜甫 | |
| 出版信息: | 北京 五洲传播出版社 2005 |
|
| 页数: | 160页 | |
| 开本: | 23cm | |
| 丛书名: | ||
| 单 册: | ||
| 中图分类: | I207.227.423 , I207.2 | |
| 科图分类: | ||
| 主题词: | 古典诗歌--鉴赏--中国 , 古典诗歌 , 杜诗 , 杜诗--鉴赏 | |
| 电子资源: | ||
| ISBN: | 7-5085-0791-6 | |
| 000 | 00931nam0 2200265 450 | |
| 001 | 003038309 | |
| 005 | 20070803111548.48 | |
| 010 | @a7-5085-0791-6@dCNY28.00 | |
| 100 | @a20050119d2005 em y0chiy0110 ea | |
| 101 | 0 | @achi |
| 102 | @aCN@b110000 | |
| 105 | @aa z 000gy | |
| 200 | 1 | @a中国古典诗词精品赏读@9zhong guo gu dian shi ci jing pin shang du@i杜甫@f陈才智编著 |
| 210 | @a北京@c五洲传播出版社@d2005@h2006 | |
| 215 | @a160页@c图@d23cm | |
| 330 | @a本书包括诗人小传与作品赏析两部分,收入唐代诗人杜甫的作品,每首作品的鉴赏分为题解、句解和评解三个章节,并配以当代画家根据诗词意境绘制的中国画,通过这些诗、画,可以更深刻地领悟到中国古代艺术作品中的诗情画意。 | |
| 606 | 0 | @a古典诗歌@x鉴赏@y中国 |
| 606 | 0 | @a古典诗歌 |
| 606 | 0 | @a杜诗 |
| 606 | 0 | @a杜诗@x鉴赏 |
| 690 | @aI207.227.423@v4 | |
| 690 | @aI207.2@v4 | |
| 701 | 0 | @a陈才智@9chen cai zhi@4编著 |
| 801 | 0 | @aCN@bNLC@c20070803 |
| 905 | @a10447@dI207.2@e763 | |
| 中国古典诗词精品赏读.杜甫/陈才智编著.-北京:五洲传播出版社,2005(2006) |
| 160页:图;23cm |
| ISBN 7-5085-0791-6:CNY28.00 |
| 本书包括诗人小传与作品赏析两部分,收入唐代诗人杜甫的作品,每首作品的鉴赏分为题解、句解和评解三个章节,并配以当代画家根据诗词意境绘制的中国画,通过这些诗、画,可以更深刻地领悟到中国古代艺术作品中的诗情画意。 |
| ● |
| 相关链接 |
|
|
|
|
正题名:中国古典诗词精品赏读
索取号:I207.2/763
 
预约/预借
| 序号 | 登录号 | 条形码 | 馆藏地/架位号 | 状态 | 备注 |
| 1 | 0801442 | 208014423 | 第一样本阅览室/ [索取号:I207.2/763] | 在馆 | |
| 2 | 0801443 | 208014432 | 第二借阅区/ [索取号:I207.2/763] | 在馆 | |
| 3 | 0801444 | 208014441 | 第二借阅区/ [索取号:I207.2/763] | 在馆 | |
| 4 | 0801445 | 208014450 | 第二借阅区/ [索取号:I207.2/763] | 在馆 | |
| 5 | 0801446 | 208014469 | 第二借阅区/ [索取号:I207.2/763] | 在馆 | |
| 6 | 0801447 | 208014478 | 第二借阅区/ [索取号:I207.2/763] | 在馆 | |
| 7 | 0801448 | 208014487 | 第二借阅区/ [索取号:I207.2/763] | 在馆 | |
| 8 | 0801449 | 208014496 | 第二借阅区/ [索取号:I207.2/763] | 在馆 |